[Event "ODJM B 2025"]
[Site "Willingen GER"]
[Date "2025.06.10"]
[Round "4"]
[White "Salim, Florian"]
[Black "von Gehlen, Samuel"]
[Result "1-0"]
[Termination "normal"]
[Board "50"]
[WhiteElo "1730"]
[BlackElo "1533"]
[WhiteClock "00:17:58"]
[BlackClock "00:35:55"]
[PlyCount "111"]
[WhiteFideId "533001960"]
[BlackFideId "34651551"]
[EventCountry "GER"]
[EventRounds "9"]
[EventType "swiss"]
[EventDate "2025.06.07"]

1. e4 {[%clk 01:30:56]} {[%emt 00:00:04]} c6 {[%clk 01:30:58]} {[%emt
00:00:03]} 2. Nf3 {[%clk 01:31:22]} {[%emt 00:00:04]} d5 {[%clk 01:31:15]}
{[%emt 00:00:12]} 3. Nc3 {[%clk 01:31:47]} {[%emt 00:00:05]} dxe4 {[%clk
01:31:12]} {[%emt 00:00:33]} 4. Nxe4 {[%clk 01:31:54]} {[%emt 00:00:23]} Nf6
{[%clk 01:31:30]} {[%emt 00:00:12]} 5. Nxf6+ {[%clk 01:22:11]} {[%emt
00:10:13]} exf6 {[%clk 01:31:51]} {[%emt 00:00:09]} 6. d4 {[%clk 01:22:18]}
{[%emt 00:00:23]} Bd6 {[%clk 01:31:45]} {[%emt 00:00:36]} 7. Be2 {[%clk
01:19:11]} {[%emt 00:03:38]} O-O {[%clk 01:31:52]} {[%emt 00:00:23]} 8. O-O
{[%clk 01:19:33]} {[%emt 00:00:08]} Bg4 {[%clk 01:32:15]} {[%emt 00:00:06]} 9.
Be3 {[%clk 01:17:40]} {[%emt 00:02:23]} Qc7 {[%clk 01:31:49]} {[%emt 00:00:56]}
10. h3 {[%clk 01:17:00]} {[%emt 00:01:10]} Bh5 {[%clk 01:32:05]} {[%emt
00:00:13]} 11. c4 {[%clk 01:09:46]} {[%emt 00:07:46]} Rd8 {[%clk 01:29:30]}
{[%emt 00:03:04]} 12. Qb3 {[%clk 01:05:04]} {[%emt 00:05:11]} Qb6 {[%clk
01:21:17]} {[%emt 00:08:44]} 13. Qc2 {[%clk 00:57:22]} {[%emt 00:08:12]} c5
{[%clk 01:16:15]} {[%emt 00:05:33]} 14. Rfd1 {[%clk 00:46:42]} {[%emt
00:11:10]} Nc6 {[%clk 01:14:23]} {[%emt 00:02:21]} 15. dxc5 {[%clk 00:36:30]}
{[%emt 00:10:42]} Bxc5 {[%clk 01:14:30]} {[%emt 00:00:22]} 16. Bxc5 {[%emt
00:00:37]} Qxc5 {[%clk 01:14:35]} {[%emt 00:00:23]} 17. a3 {[%clk 00:35:08]}
{[%emt 00:01:48]} Bxf3 {[%clk 01:11:25]} {[%emt 00:03:39]} 18. Bxf3 {[%clk
00:34:40]} {[%emt 00:00:58]} Nd4 {[%clk 01:11:42]} {[%emt 00:00:14]} 19. Qe4
{[%clk 00:31:42]} {[%emt 00:03:28]} Nxf3+ {[%clk 01:09:58]} {[%emt 00:02:14]}
20. Qxf3 {[%clk 00:31:40]} {[%emt 00:00:32]} Qc6 {[%clk 01:06:26]} {[%emt
00:03:59]} 21. Qxc6 {[%clk 00:31:36]} {[%emt 00:00:37]} bxc6 {[%clk 01:06:48]}
{[%emt 00:00:08]} 22. Kf1 {[%clk 00:31:34]} {[%emt 00:00:32]} Kf8 {[%clk
01:07:05]} {[%emt 00:00:13]} 23. b4 {[%clk 00:30:58]} {[%emt 00:01:06]} a6
{[%clk 01:06:44]} {[%emt 00:00:51]} 24. Rxd8+ {[%clk 00:29:52]} {[%emt
00:01:35]} Rxd8 {[%clk 01:07:02]} {[%emt 00:00:12]} 25. Ke2 {[%clk 00:30:05]}
{[%emt 00:00:18]} Ke7 {[%clk 01:07:12]} {[%emt 00:00:19]} 26. Rd1 {[%clk
00:28:27]} {[%emt 00:02:08]} Rxd1 {[%clk 01:04:56]} {[%emt 00:02:46]} 27. Kxd1
{[%clk 00:28:52]} {[%emt 00:00:06]} Kd6 {[%clk 01:04:55]} {[%emt 00:00:30]} 28.
Kd2 {[%clk 00:29:01]} {[%emt 00:00:22]} c5 {[%clk 01:03:46]} {[%emt 00:01:39]}
29. Kd3 {[%clk 00:28:10]} {[%emt 00:01:20]} Kc6 {[%clk 01:02:39]} {[%emt
00:01:36]} 30. Ke4 {[%clk 00:27:03]} {[%emt 00:01:38]} g6 {[%clk 01:02:38]}
{[%emt 00:00:30]} 31. h4 {[%emt 00:01:16]} h5 {[%clk 01:02:35]} 32. f3 {[%clk
00:26:39]} {[%emt 00:00:42]} Kd6 {[%clk 01:02:47]} {[%emt 00:00:17]} 33. f4
{[%clk 00:24:27]} {[%emt 00:02:43]} f5+ {[%clk 01:02:45]} {[%emt 00:00:32]} 34.
Kd3 {[%clk 00:23:59]} {[%emt 00:00:58]} Kc6 {[%clk 01:02:24]} {[%emt 00:00:50]}
35. Kc3 {[%clk 00:23:47]} {[%emt 00:00:43]} Kb6 {[%clk 01:01:24]} {[%emt
00:01:27]} 36. Kb2 {[%clk 00:21:28]} {[%emt 00:02:52]} Kc6 {[%clk 00:53:53]}
{[%emt 00:08:01]} 37. Kb3 {[%clk 00:19:36]} {[%emt 00:02:23]} Kb6 {[%clk
00:50:50]} {[%emt 00:03:32]} 38. Ka4 {[%clk 00:19:37]} {[%emt 00:00:29]} f6
{[%clk 00:50:20]} {[%emt 00:00:59]} 39. g3 {[%clk 00:19:58]} {[%emt 00:00:10]}
Kc6 {[%clk 00:41:39]} {[%emt 00:09:11]} 40. Ka5 {[%clk 00:15:55]} {[%emt
00:04:33]} Kb7 {[%clk 00:40:16]} {[%emt 00:01:53]} 41. a4 {[%clk 00:15:00]}
{[%emt 00:01:25]} cxb4 {[%clk 00:39:34]} {[%emt 00:01:11]} 42. Kxb4 {[%clk
00:15:24]} {[%emt 00:00:07]} Kc6 {[%clk 00:39:03]} {[%emt 00:01:01]} 43. a5
{[%clk 00:14:34]} {[%emt 00:01:20]} Kd6 {[%clk 00:38:28]} {[%emt 00:01:04]} 44.
Kc3 {[%clk 00:14:15]} {[%emt 00:00:50]} Kc5 {[%clk 00:36:45]} {[%emt 00:02:13]}
45. Kd3 {[%clk 00:14:35]} {[%emt 00:00:10]} Kb4 {[%clk 00:36:22]} {[%emt
00:00:52]} 46. Kd4 {[%clk 00:14:54]} {[%emt 00:00:13]} Kxa5 {[%clk 00:34:47]}
{[%emt 00:02:05]} 47. c5 {[%clk 00:15:04]} {[%emt 00:00:19]} Kb5 {[%clk
00:34:31]} {[%emt 00:00:44]} 48. Kd5 {[%clk 00:15:30]} {[%emt 00:00:06]} Kb4
{[%clk 00:34:05]} {[%emt 00:00:56]} 49. c6 {[%clk 00:15:54]} {[%emt 00:00:06]}
Kc3 {[%clk 00:34:28]} {[%emt 00:00:06]} 50. c7 {[%clk 00:16:19]} {[%emt
00:00:06]} Kd3 {[%clk 00:34:34]} {[%emt 00:00:24]} 51. c8=Q {[%clk 00:16:40]}
{[%emt 00:00:09]} Ke3 {[%clk 00:34:52]} {[%emt 00:00:11]} 52. Qc3+ {[%clk
00:17:02]} {[%emt 00:00:08]} Kf2 {[%clk 00:34:58]} {[%emt 00:00:24]} 53. Kd4
{[%clk 00:17:19]} {[%emt 00:00:14]} Kg2 {[%clk 00:35:23]} {[%emt 00:00:04]} 54.
Qe3 {[%clk 00:17:35]} {[%emt 00:00:15]} Kh3 {[%clk 00:35:37]} {[%emt 00:00:15]}
55. Kd3 {[%clk 00:17:58]} {[%emt 00:00:08]} Kg4 {[%clk 00:35:55]} {[%emt
00:00:12]} 56. Ke4 {[%emt 00:01:03]} 1-0

[Event "ODJM B 2025"]
[Site "Willingen GER"]
[Date "2025.06.10"]
[Round "4"]
[White "Krannich, Eva"]
[Black "Müller, Maximilian"]
[Result "0-1"]
[Termination "normal"]
[Board "51"]
[WhiteElo "1509"]
[BlackElo "1745"]
[WhiteClock "00:46:17"]
[BlackClock "00:14:16"]
[PlyCount "66"]
[WhiteFideId "34639713"]
[BlackFideId "34640282"]
[EventCountry "GER"]
[EventRounds "9"]
[EventType "swiss"]
[EventDate "2025.06.07"]

1. e4 {[%clk 01:30:59]} {[%emt 00:00:01]} c5 {[%clk 01:30:55]} {[%emt
00:00:05]} 2. Nf3 {[%clk 01:31:22]} {[%emt 00:00:07]} g6 {[%clk 01:31:19]}
{[%emt 00:00:05]} 3. d3 {[%clk 01:31:47]} {[%emt 00:00:06]} Bg7 {[%clk
01:31:42]} {[%emt 00:00:07]} 4. g3 {[%clk 01:32:08]} {[%emt 00:00:08]} Nc6
{[%clk 01:32:03]} {[%emt 00:00:09]} 5. Bg2 {[%clk 01:32:30]} {[%emt 00:00:08]}
d6 {[%clk 01:32:26]} {[%emt 00:00:07]} 6. O-O {[%clk 01:32:50]} {[%emt
00:00:09]} e5 {[%clk 01:32:50]} {[%emt 00:00:06]} 7. Nc3 {[%clk 01:33:10]}
{[%emt 00:00:10]} Nge7 {[%clk 01:33:13]} {[%emt 00:00:07]} 8. Nd2 {[%clk
01:33:12]} {[%emt 00:00:29]} O-O {[%clk 01:32:22]} {[%emt 00:01:21]} 9. Nc4
{[%clk 01:33:19]} {[%emt 00:00:22]} a6 {[%emt 00:00:52]} 10. a4 {[%clk
01:33:38]} {[%emt 00:00:06]} Na5 {[%clk 01:28:25]} {[%emt 00:04:09]} 11. Nd5
{[%clk 01:27:00]} {[%emt 00:07:10]} Nxd5 {[%clk 01:17:47]} {[%emt 00:11:08]}
12. exd5 {[%clk 01:27:17]} {[%emt 00:00:13]} Nxc4 {[%clk 01:18:09]} {[%emt
00:00:08]} 13. dxc4 {[%clk 01:27:37]} {[%emt 00:00:09]} b6 {[%clk 01:18:31]}
{[%emt 00:00:08]} 14. c3 {[%clk 01:24:07]} {[%emt 00:04:01]} Rb8 {[%clk
01:13:05]} {[%emt 00:05:56]} 15. Qe2 {[%clk 01:15:58]} {[%emt 00:08:38]} f5
{[%clk 01:10:48]} {[%emt 00:02:46]} 16. Rb1 {[%clk 01:09:00]} {[%emt 00:07:29]}
Bd7 {[%clk 01:07:11]} {[%emt 00:04:07]} 17. b3 {[%clk 01:08:24]} {[%emt
00:01:07]} a5 {[%clk 01:00:15]} {[%emt 00:07:27]} 18. Ba3 {[%clk 01:02:20]}
{[%emt 00:06:33]} f4 {[%clk 00:53:22]} {[%emt 00:07:22]} 19. gxf4 {[%clk
01:01:16]} {[%emt 00:01:34]} exf4 {[%clk 00:51:28]} {[%emt 00:02:25]} 20. Qf3
{[%clk 01:01:32]} {[%emt 00:00:14]} Qg5 {[%clk 00:50:28]} {[%emt 00:01:29]} 21.
h3 {[%clk 00:56:15]} {[%emt 00:05:47]} Bxh3 {[%clk 00:29:56]} {[%emt 00:21:03]}
22. Qxh3 {[%clk 00:56:32]} {[%emt 00:00:12]} f3 {[%clk 00:30:20]} {[%emt
00:00:06]} 23. Bb2 {[%clk 00:55:43]} {[%emt 00:01:19]} Rbe8 {[%clk 00:25:18]}
{[%emt 00:05:31]} 24. Rbe1 {[%clk 00:52:49]} {[%emt 00:03:24]} Rxe1 {[%clk
00:23:02]} {[%emt 00:02:47]} 25. Rxe1 {[%clk 00:52:46]} {[%emt 00:00:32]} fxg2
{[%clk 00:23:09]} {[%emt 00:00:22]} 26. Qxg2 {[%clk 00:53:02]} {[%emt
00:00:14]} Qd2 {[%clk 00:22:48]} {[%emt 00:00:52]} 27. Rb1 {[%clk 00:52:33]}
{[%emt 00:01:00]} Rf5 {[%clk 00:21:17]} {[%emt 00:02:01]} 28. Bc1 {[%clk
00:50:35]} {[%emt 00:02:28]} Qc2 {[%clk 00:20:19]} {[%emt 00:01:28]} 29. Ra1
{[%clk 00:50:21]} {[%emt 00:00:43]} Qxc3 {[%clk 00:20:15]} {[%emt 00:00:35]}
30. Bb2 {[%clk 00:48:21]} {[%emt 00:02:30]} Qxb2 {[%clk 00:20:30]} {[%emt
00:00:15]} 31. Re1 {[%clk 00:48:40]} {[%emt 00:00:11]} Bd4 {[%clk 00:17:25]}
{[%emt 00:03:35]} 32. Rf1 {[%clk 00:47:36]} {[%emt 00:01:34]} Qd2 {[%clk
00:16:11]} {[%emt 00:01:44]} 33. Qe4 {[%clk 00:46:17]} {[%emt 00:01:49]} Rxf2
{[%clk 00:14:16]} {[%emt 00:02:25]} 0-1

[Event "ODJM B 2025"]
[Site "Willingen GER"]
[Date "2025.06.10"]
[Round "4"]
[White "Mlynarski, Milosz"]
[Black "Frank, Carolin"]
[Result "0-1"]
[Termination "normal"]
[Board "52"]
[WhiteElo "1647"]
[BlackElo "1724"]
[WhiteClock "01:15:57"]
[BlackClock "00:50:03"]
[PlyCount "24"]
[WhiteFideId "34636854"]
[BlackFideId "16207190"]
[EventCountry "GER"]
[EventRounds "9"]
[EventType "swiss"]
[EventDate "2025.06.07"]

1. d4 {[%clk 01:30:54]} {[%emt 00:00:05]} f5 {[%clk 01:30:52]} {[%emt
00:00:08]} 2. c4 {[%clk 01:30:53]} {[%emt 00:00:32]} d6 {[%clk 01:30:11]}
{[%emt 00:01:11]} 3. Nc3 {[%clk 01:29:00]} {[%emt 00:02:22]} Nf6 {[%clk
01:29:56]} {[%emt 00:00:45]} 4. Nf3 {[%clk 01:28:56]} {[%emt 00:00:34]} g6
{[%clk 01:29:43]} {[%emt 00:00:42]} 5. Qc2 {[%clk 01:26:35]} {[%emt 00:02:52]}
Bg7 {[%clk 01:21:28]} {[%emt 00:08:45]} 6. e4 {[%clk 01:24:27]} {[%emt
00:02:38]} c6 {[%clk 01:03:09]} {[%emt 00:18:48]} 7. Be3 {[%clk 01:19:19]}
{[%emt 00:05:39]} O-O {[%clk 00:56:44]} {[%emt 00:06:56]} 8. Nd2 {[%clk
01:18:46]} {[%emt 00:01:02]} Ng4 {[%clk 00:53:38]} {[%emt 00:03:35]} 9. Bd3
{[%clk 01:17:43]} {[%emt 00:01:34]} f4 {[%clk 00:53:08]} {[%emt 00:01:00]} 10.
Bxf4 {[%clk 01:15:36]} {[%emt 00:02:37]} Rxf4 {[%clk 00:53:24]} {[%emt
00:00:14]} 11. f3 {[%clk 01:15:59]} {[%emt 00:00:06]} Ne3 {[%clk 00:51:47]}
{[%emt 00:02:08]} 12. Qc1 {[%clk 01:15:57]} {[%emt 00:00:32]} Nxg2+ {[%clk
00:50:03]} {[%emt 00:02:13]} 0-1

[Event "ODJM B 2025"]
[Site "Willingen GER"]
[Date "2025.06.10"]
[Round "4"]
[White "Sauer, Ben"]
[Black "Hendler, Maximilian"]
[Result "1-0"]
[Termination "normal"]
[Board "53"]
[WhiteElo "1675"]
[BlackElo "1555"]
[WhiteClock "00:06:39"]
[BlackClock "00:26:59"]
[PlyCount "57"]
[WhiteFideId "34606866"]
[BlackFideId "34616500"]
[EventCountry "GER"]
[EventRounds "9"]
[EventType "swiss"]
[EventDate "2025.06.07"]

1. e4 {[%clk 01:30:57]} {[%emt 00:00:02]} c5 {[%clk 01:30:37]} {[%emt
00:00:23]} 2. Nf3 {[%clk 01:31:18]} {[%emt 00:00:09]} g6 {[%clk 01:30:51]}
{[%emt 00:00:16]} 3. d4 {[%clk 01:31:02]} {[%emt 00:00:46]} cxd4 {[%clk
01:31:09]} {[%emt 00:00:12]} 4. Nxd4 {[%clk 01:31:25]} {[%emt 00:00:07]} Bg7
{[%clk 01:31:26]} {[%emt 00:00:12]} 5. Nc3 {[%clk 01:31:11]} {[%emt 00:00:46]}
Nc6 {[%clk 01:31:35]} {[%emt 00:00:21]} 6. Be3 {[%clk 01:26:29]} {[%emt
00:05:11]} Nf6 {[%clk 01:30:54]} {[%emt 00:01:11]} 7. Be2 {[%clk 01:25:28]}
{[%emt 00:01:31]} O-O {[%clk 01:26:47]} {[%emt 00:04:37]} 8. O-O {[%clk
01:21:38]} {[%emt 00:04:21]} d5 {[%clk 01:19:05]} {[%emt 00:08:12]} 9. Nxc6
{[%clk 01:06:16]} {[%emt 00:15:52]} bxc6 {[%clk 01:19:15]} {[%emt 00:00:19]}
10. e5 {[%clk 01:02:01]} {[%emt 00:04:45]} Nd7 {[%clk 01:11:28]} {[%emt
00:08:17]} 11. f4 {[%clk 00:59:13]} {[%emt 00:03:18]} e6 {[%clk 01:08:46]}
{[%emt 00:03:12]} 12. Bf3 {[%clk 00:54:36]} {[%emt 00:05:08]} Ba6 {[%clk
01:04:14]} {[%emt 00:05:01]} 13. Re1 {[%clk 00:52:21]} {[%emt 00:02:45]} c5
{[%clk 01:02:50]} {[%emt 00:01:55]} 14. Bf2 {[%clk 00:46:08]} {[%emt 00:06:43]}
Rb8 {[%clk 01:01:31]} {[%emt 00:01:48]} 15. Rb1 {[%clk 00:41:38]} {[%emt
00:05:01]} d4 {[%clk 00:54:38]} {[%emt 00:07:23]} 16. Ne4 {[%clk 00:38:13]}
{[%emt 00:03:55]} Nb6 {[%clk 00:50:16]} {[%emt 00:04:51]} 17. Nxc5 {[%clk
00:33:50]} {[%emt 00:04:53]} Bc4 {[%clk 00:43:23]} {[%emt 00:07:23]} 18. b3
{[%clk 00:31:56]} {[%emt 00:02:24]} Bd5 {[%clk 00:42:42]} {[%emt 00:01:11]} 19.
Bxd5 {[%clk 00:30:11]} {[%emt 00:02:15]} Nxd5 {[%clk 00:41:20]} {[%emt
00:01:52]} 20. Qxd4 {[%clk 00:26:46]} {[%emt 00:03:56]} Rb4 {[%emt 00:03:15]}
21. c4 {[%clk 00:25:49]} a5 {[%clk 00:38:32]} {[%emt 00:01:59]} 22. Rbd1 {[%clk
00:23:26]} {[%emt 00:02:52]} Qc8 {[%clk 00:33:49]} {[%emt 00:05:14]} 23. Qd2
{[%clk 00:20:53]} {[%emt 00:03:01]} Ne7 {[%clk 00:30:50]} {[%emt 00:03:30]} 24.
Qe2 {[%clk 00:18:39]} {[%emt 00:02:43]} Qc6 {[%clk 00:26:57]} {[%emt 00:04:24]}
25. a3 {[%clk 00:17:55]} {[%emt 00:01:15]} Rbb8 {[%clk 00:27:08]} {[%emt
00:00:19]} 26. Rd6 {[%clk 00:15:05]} {[%emt 00:03:20]} Qc8 {[%clk 00:27:17]}
{[%emt 00:00:21]} 27. g4 {[%clk 00:12:26]} {[%emt 00:03:09]} Bh6 {[%clk
00:26:57]} {[%emt 00:00:51]} 28. Qf3 {[%clk 00:09:58]} {[%emt 00:02:56]} Rd8
{[%clk 00:26:59]} {[%emt 00:00:29]} 29. Red1 {[%clk 00:06:39]} {[%emt
00:03:48]} 1-0

[Event "ODJM B 2025"]
[Site "Willingen GER"]
[Date "2025.06.10"]
[Round "4"]
[White "Yüksel, Aran"]
[Black "Schiewe, Nadin"]
[Result "1/2-1/2"]
[Termination "normal"]
[Board "54"]
[WhiteElo "1531"]
[BlackElo "1764"]
[WhiteClock "00:44:13"]
[BlackClock "00:17:55"]
[PlyCount "55"]
[WhiteFideId "16297024"]
[BlackFideId "16209079"]
[EventCountry "GER"]
[EventRounds "9"]
[EventType "swiss"]
[EventDate "2025.06.07"]

1. d4 {[%clk 01:30:59]} {[%emt 13:20:57]} d5 {[%clk 01:30:53]} {[%emt
00:00:08]} 2. c4 {[%clk 01:31:14]} {[%emt 00:00:15]} e6 {[%clk 01:31:07]}
{[%emt 00:00:16]} 3. Nc3 {[%clk 01:31:39]} {[%emt 00:00:05]} c6 {[%clk
01:31:24]} {[%emt 00:00:13]} 4. Bf4 {[%clk 01:31:58]} {[%emt 00:00:11]} Bd6
{[%clk 01:31:08]} {[%emt 00:00:46]} 5. Bxd6 {[%clk 01:32:06]} {[%emt 00:00:22]}
Qxd6 {[%clk 01:31:31]} {[%emt 00:00:07]} 6. cxd5 {[%clk 01:32:14]} {[%emt
00:00:22]} exd5 {[%clk 01:31:48]} {[%emt 00:00:13]} 7. e3 {[%clk 01:31:39]}
{[%emt 00:01:05]} Bf5 {[%clk 01:24:26]} {[%emt 00:07:52]} 8. Bd3 {[%clk
01:31:04]} {[%emt 00:01:05]} Bg6 {[%clk 01:24:37]} {[%emt 00:00:19]} 9. Nf3
{[%clk 01:31:20]} {[%emt 00:00:14]} Nd7 {[%clk 01:23:47]} {[%emt 00:01:20]} 10.
O-O {[%clk 01:28:46]} {[%emt 00:03:04]} Ngf6 {[%clk 01:22:20]} {[%emt
00:01:57]} 11. Nh4 {[%clk 01:24:07]} {[%emt 00:05:09]} Ne4 {[%clk 01:09:04]}
{[%emt 00:13:46]} 12. Bxe4 {[%clk 01:20:32]} {[%emt 00:04:05]} dxe4 {[%clk
01:08:06]} {[%emt 00:01:28]} 13. Nxg6 {[%clk 01:20:07]} {[%emt 00:00:55]} hxg6
{[%clk 01:08:28]} {[%emt 00:00:08]} 14. g3 {[%clk 01:20:05]} {[%emt 00:00:32]}
Qe6 {[%clk 01:05:16]} {[%emt 00:03:41]} 15. f3 {[%clk 01:19:39]} {[%emt
00:00:57]} Nf6 {[%clk 00:58:09]} {[%emt 00:07:37]} 16. Nxe4 {[%clk 01:18:34]}
{[%emt 00:01:35]} Nxe4 {[%clk 00:58:09]} {[%emt 00:00:30]} 17. fxe4 {[%clk
01:18:49]} {[%emt 00:00:15]} Qxe4 {[%clk 00:58:18]} {[%emt 00:00:22]} 18. Qf3
{[%clk 01:18:46]} {[%emt 00:00:32]} Qe6 {[%clk 00:55:19]} {[%emt 00:03:28]} 19.
b4 {[%clk 01:12:14]} {[%emt 00:07:03]} Rh5 {[%clk 00:52:01]} {[%emt 00:03:48]}
20. e4 {[%clk 01:02:07]} {[%emt 00:10:37]} O-O-O {[%clk 00:43:06]} {[%emt
00:09:25]} 21. d5 {[%clk 01:00:09]} {[%emt 00:02:28]} cxd5 {[%clk 00:40:35]}
{[%emt 00:03:01]} 22. exd5 {[%clk 01:00:28]} {[%emt 00:00:11]} Rhxd5 {[%clk
00:33:59]} {[%emt 00:07:06]} 23. Qxf7 {[%clk 00:58:39]} {[%emt 00:02:19]} Qxf7
{[%clk 00:28:40]} {[%emt 00:05:49]} 24. Rxf7 {[%clk 00:58:57]} {[%emt
00:00:12]} R8d7 {[%clk 00:27:51]} {[%emt 00:01:19]} 25. Raf1 {[%clk 00:53:18]}
{[%emt 00:06:09]} Kc7 {[%clk 00:22:35]} {[%emt 00:05:45]} 26. Rxd7+ {[%clk
00:51:23]} {[%emt 00:02:25]} Rxd7 {[%clk 00:22:55]} {[%emt 00:00:11]} 27. a4
{[%clk 00:44:24]} {[%emt 00:07:29]} Kc6 {[%clk 00:17:55]} {[%emt 00:05:29]} 28.
Rc1+ {[%clk 00:44:13]} {[%emt 00:00:41]} 1/2-1/2

[Event "ODJM B 2025"]
[Site "Willingen GER"]
[Date "2025.06.10"]
[Round "4"]
[White "Rotärmel, Leonie"]
[Black "Geib, Niklas"]
[Result "0-1"]
[Termination "normal"]
[Board "55"]
[WhiteElo "1699"]
[BlackElo "1581"]
[WhiteClock "00:00:43"]
[BlackClock "00:56:54"]
[PlyCount "76"]
[WhiteFideId "16281390"]
[BlackFideId "34682236"]
[EventCountry "GER"]
[EventRounds "9"]
[EventType "swiss"]
[EventDate "2025.06.07"]

1. e4 {[%clk 01:30:57]} {[%emt 00:00:02]} d5 {[%clk 01:30:57]} {[%emt
00:00:04]} 2. exd5 {[%clk 01:31:22]} {[%emt 00:00:04]} Qxd5 {[%clk 01:31:21]}
{[%emt 00:00:06]} 3. Nc3 {[%clk 01:31:44]} {[%emt 00:00:08]} Qa5 {[%clk
01:31:47]} {[%emt 00:00:05]} 4. Bc4 {[%clk 01:31:36]} {[%emt 00:00:37]} Nf6
{[%clk 01:32:09]} {[%emt 00:00:08]} 5. d3 {[%clk 01:29:49]} {[%emt 00:02:16]}
c6 {[%clk 01:32:36]} {[%emt 00:00:04]} 6. Nf3 {[%clk 01:28:52]} {[%emt
00:01:27]} Bg4 {[%clk 01:33:01]} {[%emt 00:00:05]} 7. h3 {[%clk 01:28:54]}
{[%emt 00:00:28]} Bh5 {[%clk 01:33:28]} {[%emt 00:00:04]} 8. g4 {[%clk
01:20:42]} {[%emt 00:08:41]} Bg6 {[%clk 01:33:54]} {[%emt 00:00:05]} 9. Bd2
{[%clk 01:20:11]} {[%emt 00:01:01]} Qd8 {[%clk 01:34:18]} {[%emt 00:00:06]} 10.
Qe2 {[%clk 01:18:34]} {[%emt 00:02:07]} e6 {[%clk 01:33:51]} {[%emt 00:00:57]}
11. Ng5 {[%clk 01:04:27]} {[%emt 00:14:36]} Nbd7 {[%clk 01:30:18]} {[%emt
00:04:04]} 12. Bxe6 {[%clk 00:57:53]} {[%emt 00:07:02]} fxe6 {[%clk 01:27:43]}
{[%emt 00:03:07]} 13. Nxe6 {[%clk 00:58:07]} {[%emt 00:00:15]} Qe7 {[%clk
01:27:03]} {[%emt 00:01:11]} 14. Nc7+ {[%clk 00:57:51]} {[%emt 00:00:45]} Kd8
{[%clk 01:27:19]} {[%emt 00:00:14]} 15. Qxe7+ {[%clk 00:57:54]} {[%emt
00:00:27]} Bxe7 {[%clk 01:27:09]} {[%emt 00:00:40]} 16. Nxa8 {[%clk 00:58:02]}
{[%emt 00:00:21]} Bc5 {[%clk 01:25:41]} {[%emt 00:01:59]} 17. Bf4 {[%clk
00:55:27]} {[%emt 00:03:05]} Re8+ {[%clk 01:25:21]} {[%emt 00:00:51]} 18. Kf1
{[%clk 00:53:16]} {[%emt 00:02:39]} Ne5 {[%clk 01:22:43]} {[%emt 00:03:09]} 19.
Ne2 {[%clk 00:13:41]} {[%emt 00:40:05]} Bd6 {[%clk 01:15:41]} {[%emt 00:07:33]}
20. Be3 {[%clk 00:08:08]} {[%emt 00:06:03]} c5 {[%clk 01:07:35]} {[%emt
00:08:36]} 21. d4 {[%clk 00:06:12]} {[%emt 00:02:25]} Nc4 {[%clk 01:06:08]}
{[%emt 00:01:57]} 22. Bf4 {[%clk 00:02:03]} {[%emt 00:04:39]} Bxf4 {[%clk
01:05:12]} {[%emt 00:01:26]} 23. Nxf4 {[%clk 00:02:22]} {[%emt 00:00:10]} Be4
{[%clk 01:03:22]} {[%emt 00:02:21]} 24. Rh2 {[%clk 00:02:10]} {[%emt 00:00:42]}
Nd2+ {[%clk 01:03:37]} {[%emt 00:00:15]} 25. Kg1 {[%clk 00:02:24]} {[%emt
00:00:16]} Nf3+ {[%clk 01:04:01]} {[%emt 00:00:06]} 26. Kh1 {[%clk 00:02:33]}
{[%emt 00:00:19]} Nxh2+ {[%clk 01:03:50]} {[%emt 00:00:43]} 27. Kxh2 {[%clk
00:02:58]} {[%emt 00:00:05]} b5 {[%clk 01:02:09]} {[%emt 00:02:11]} 28. dxc5
{[%clk 00:02:25]} {[%emt 00:01:03]} Bxa8 {[%clk 01:02:29]} {[%emt 00:00:10]}
29. Rd1+ {[%clk 00:01:55]} {[%emt 00:01:00]} Kc7 {[%clk 01:02:01]} {[%emt
00:00:58]} 30. b4 {[%clk 00:01:43]} {[%emt 00:00:42]} Ne4 {[%clk 01:00:03]}
{[%emt 00:02:29]} 31. Re1 {[%clk 00:01:37]} {[%emt 00:00:35]} Bc6 {[%clk
00:57:43]} {[%emt 00:02:51]} 32. f3 {[%clk 00:00:43]} {[%emt 00:01:24]} Nc3
{[%clk 00:56:41]} {[%emt 00:01:31]} 33. Rxe8 {[%clk 00:00:58]} {[%emt
00:00:14]} Bxe8 {[%clk 00:57:06]} {[%emt 00:00:06]} 34. Nd3 {[%clk 00:00:38]}
{[%emt 00:00:50]} Nxa2 {[%clk 00:57:21]} {[%emt 00:00:16]} 35. Kg3 {[%clk
00:00:55]} {[%emt 00:00:12]} Bg6 {[%clk 00:57:29]} {[%emt 00:00:23]} 36. Nf4
{[%clk 00:00:56]} {[%emt 00:00:28]} Bf7 {[%clk 00:56:37]} {[%emt 00:01:22]} 37.
Nd3 {[%clk 00:01:09]} {[%emt 00:00:17]} Bc4 {[%clk 00:56:41]} {[%emt 00:00:27]}
38. Ne5 {[%clk 00:00:43]} {[%emt 00:00:56]} Nxb4 {[%clk 00:56:54]} {[%emt
00:00:16]} 0-1